00825nam a22001575i 4500001000700000003000900007005001700016008004100033040002000074100004200094245011400136260006300250300002100313500010600334852022700440160559ES-MaACL20250719063320.0000201s1872 sp |||| | spa d aCAM bspa cCAM1 aNavarro Gonzalvo, Eduardo,d1846-190213aEl talismán de Felisa b: juguete cómico en dos actos y en verso /coriginal de Eduardo Navarro Gonzalvo. aMadrid : b[s.n.], c1872 (fimprenta de José Rodriguez) a63 p. ; c21 cm. aEn port.: Estrenado con aplauso en el Teatro Martín de esta corte la noche del 22 de enero de 1872. aES-MaACLjF-8578(14) z-- Enc. pasta española z-- Dedicatoria ms. de autor a Lino Mata q-- Falto de la cub. original z-- Enc. en un vol. facticio formando parte de la col. faciticia "Teatro español moderno", vol. 31